000 00508nam a2200217 454500
001 055185
003 BD-ChCU
008 Eng
020 _a8173194726
040 _aDLC
_cDLC
_dBD-ChCU
082 0 0 _a543.17/M685o
100 1 _aMohan, Jag
_bx
245 1 0 _aOrganic analytical chemistry
_btheory and practice
250 _ax
260 _aNew Delhi
_bNorosa pub
_c2003
300 _axii,660
504 _aIncludes
650 0 _aChemistry Organic
_bStatistics
700 1 _ax
942 _2ddc
_cBK
999 _c55185
_d55185